Score 0/20 Timer 02:00
0 Plays Today
Clue 4-Letter Word % Correct
♫ The B-52s singer: ___ Schneider ♫
or Flintstones patriarch
♫FRED♫
96.8%
Ran away, like from the scene of a crimeFLED
96.4%
New Hampshire state motto: '___ Free or Die'LIVE
95.4%
Hair infestationLICE
95.3%
♫ The B-52s song: ___ Shack ♫
or Zero in tennis
♫ LOVE ♫
94.9%
RelocateMOVE
94.2%
Another name for a castle in chessROOK
94%
Former Texas Governor Perry or Internet sensation singer AstleyRICK
93.1%
Complement for beansRICE
92.8%
SoaredFLEW
92.8%
Clue 4-Letter Word % Correct
♫ The B-52s song: ___ Lobster ♫
or Wide-ranging genre of popular music, for short
♫ROCK♫
92.6%
MasculineMALE
91.9%
Enclosed space in which one lives or worksROOM
90.1%
A leafy green vegetableKALE
90.1%
Frothy bubblesFOAM
89.7%
♫ The B-52s song: ___
or To move about freely
♫ROAM♫
89.6%
Mexican sauce made with chilis and chocolateMOLÉ
89.1%
An error in the systemFLAW
87.8%
♫ The B-52s singer: ___ Pierson ♫
or Duchess of Cambridge Middleton
♫ KATE ♫
85.7%
A drumbeat of two strokesFLAM
81.3%

Today's Daily Dose

You're not logged in!

Compare scores with friends on all Sporcle quizzes.
OR
Log In

Sporcle TV

Today on Sporcle TV


Watch our educational content, quiz creation guides, and fun videos on Sporcle TV.

Show Comments

Extras

Top Quizzes Today


Score Distribution

Your Account Isn't Verified!

In order to create a playlist on Sporcle, you need to verify the email address you used during registration. Go to your Sporcle Settings to finish the process.

Report this User

Report this user for behavior that violates our Community Guidelines.

Details: